000 01602nam a2200277Ia 4500
003 Ost
005 20260507075235.0
008 260507s9999||||xx |||||||||||||| ||und||
040 _cfsecg
041 _aara
082 _a330
100 _aادريس، وائل محمد صبحي
_eمؤلف
245 0 _aالمنظور الاستراتيجي لبطاقة التقييم المتوازن /
_c وائل محمد صبحي ادريس
260 _aعمان:
_bدار وائل,
_c2009
300 _a257 صفحة؛
_bإيضاحات ؛
_c24 سم
490 _aسلسلة الاداء الاستراتيجي
_v2
504 _aمراجع ص.256؛ اشكال : لكل شكل صفحة ؛جداول : لكل جدول صفحة
520 _a1) بناء و تطوير بطاقة التقييم المتوازن : مراحل ما قبل القياس ، الاتجاه الاستراتيجي ، تحديد ووضع أهداف الاداء و المقاييس ، وضع المستهدفات ، المبادرات و تخصيص الموارد و الموازنات 2) المنظور الاستراتيجيلبطاقة التقييم المتوازن : ربط المقاييس مع استراتيجية المنظمة ،الاستراتيجية و الهيكل التنظيمي ، الخارطة الاستراتيجية.
653 _aإدارة الأفراد
653 _aإدارة- المنظمات
653 _aالإدارة
653 _aالتقييم
653 _aتقييم الأداء
700 _aالغالبي، طاهر محسن منصور
_eمؤلف ثانوي
942 _cكتاب
999 _c43585
_d43585